[Event "LLHH 2122 TV Fischbek - SK Weisse Dame"]
[Site "?"]
[Date "2022.03.27"]
[Round "6.8"]
[White "Egelriede, Nikolas"]
[Black "Opasiak, Dustin Tennessee"]
[Result "0-1"]
[WhiteElo "1855"]
[BlackElo "1721"]
[PlyCount "38"]
[EventDate "2022.??.??"]

1. e4 e6 2. d4 d5 3. Nd2 Nc6 4. c3 e5 5. dxe5 dxe4 6. Bb5 Qd5 7. Qe2 Bd7 8.
Nxe4 Nxe5 9. Bxd7+ Qxd7 10. Bf4 Nd3+ 11. Kf1 O-O-O 12. Be3 a6 13. Nf3 f5 14.
Ned2 Nf6 15. Bd4 Nf4 16. Qc4 b5 17. Qb3 c5 18. Bxf6 Qd3+ 19. Kg1 Ne2+ 0-1

[Event "LLHH 2122 SV Diagonale Harburg - Hambur"]
[Site "?"]
[Date "2022.03.27"]
[Round "6.1"]
[White "Schellhorn, Wolfgang"]
[Black "Fries-Nielsen, Jens Ove"]
[Result "0-1"]
[WhiteElo "2138"]
[BlackElo "2383"]
[PlyCount "62"]
[EventDate "2022.??.??"]

1. e4 c5 2. Nf3 Nc6 3. d4 cxd4 4. Nxd4 a6 5. c4 e5 6. Nc2 Bc5 7. Be3 b6 8. Nc3
Nf6 9. Be2 O-O 10. Qd2 Bb7 11. Rd1 Nb4 12. Nxb4 Bxb4 13. f3 Rc8 14. O-O Re8 15.
a3 Bc5 16. b4 Bxe3+ 17. Qxe3 Nh5 18. g3 Re6 19. Nd5 Rg6 20. Kh1 a5 21. g4 Nf4
22. Nxf4 exf4 23. Qxf4 axb4 24. axb4 Qe7 25. Rd4 Rh6 26. Rfd1 g5 27. Qf5 d6 28.
Ra1 d5 29. cxd5 Rc2 30. Re1 Bc8 31. d6 Rxd6 0-1

[Event "LLHH 2122 SV Diagonale Harburg - Hambur"]
[Site "?"]
[Date "2022.03.27"]
[Round "6.2"]
[White "Fries-Nielsen, Niels Jorgen"]
[Black "Hold, Andre"]
[Result "1/2-1/2"]
[WhiteElo "2295"]
[BlackElo "2081"]
[PlyCount "38"]
[EventDate "2022.??.??"]

1. Nf3 g6 2. c4 c5 3. Nc3 Bg7 4. g3 Nc6 5. Bg2 e5 6. O-O Nge7 7. d3 O-O 8. a3
d6 9. Rb1 a5 10. Ne1 f5 11. f4 Rb8 12. Nc2 Be6 13. Ne3 Bf7 14. Bd2 Nd4 15. Ned5
exf4 16. gxf4 Ndc6 17. e3 Nxd5 18. Nxd5 Ne7 19. Nxe7+ Qxe7 1/2-1/2

[Event "LLHH 2122 SV Diagonale Harburg - Hambur"]
[Site "?"]
[Date "2022.03.27"]
[Round "6.3"]
[White "Czeremin, Claus"]
[Black "Guindy, Esmat Susanne"]
[Result "1/2-1/2"]
[WhiteElo "2025"]
[BlackElo "2085"]
[PlyCount "121"]
[EventDate "2022.??.??"]

1. Nf3 d5 2. g3 Nf6 3. Bg2 e6 4. O-O Be7 5. d3 b6 6. c4 Bb7 7. b4 O-O 8. Qb3
Nbd7 9. Bb2 c5 10. a3 Rc8 11. e3 Qc7 12. Nbd2 Qb8 13. Rac1 Qa8 14. Rfd1 Rfd8
15. Ne1 h6 16. d4 dxc4 17. Nxc4 Bxg2 18. Nxg2 b5 19. Nd2 c4 20. Qc2 Nb6 21. Nf4
Na4 22. Nb1 Ne4 23. Nc3 Naxc3 24. Bxc3 Ng5 25. h4 Nf3+ 26. Kf1 Bd6 27. Ng2 h5
28. e4 Bc7 29. Qe2 Nh2+ 30. Kg1 Ng4 31. e5 Bb6 32. f3 Nh6 33. Ne3 Rc7 34. Rd2
Rcd7 35. Rcd1 a5 36. Nc2 Nf5 37. Kg2 axb4 38. axb4 Ne7 39. Ra1 Qb7 40. Qe4 Nd5
41. Ra3 Nxc3 42. Qxb7 Rxb7 43. Rxc3 Rbd7 44. Ra3 Bxd4 45. Ra5 Bxe5 46. Rxd7
Rxd7 47. Rxb5 Rd2+ 48. Kh3 Bb2 49. Ne3 c3 50. Rc5 Kf8 51. b5 Rd6 52. Nc4 Rd5
53. Rxd5 exd5 54. b6 c2 55. b7 c1=Q 56. b8=Q+ Ke7 57. Qc7+ Ke6 58. Qd6+ Kf5 59.
Qxd5+ Kg6 60. Qe4+ Kh6 61. Qe3+ 1/2-1/2

[Event "LLHH 2122 SV Diagonale Harburg - Hambur"]
[Site "?"]
[Date "2022.03.27"]
[Round "6.5"]
[White "Gerigk, Wolf"]
[Black "Martin-Sommerfeldt, Luis"]
[Result "0-1"]
[WhiteElo "2007"]
[BlackElo "2019"]
[PlyCount "50"]
[EventDate "2022.??.??"]

1. Nf3 Nf6 2. c4 b6 3. g3 Bb7 4. Bg2 e6 5. O-O Be7 6. b3 O-O 7. Bb2 c5 8. Nc3
d6 9. Re1 a6 10. d4 cxd4 11. Nxd4 Bxg2 12. Kxg2 d5 13. cxd5 Nxd5 14. Nxd5 Qxd5+
15. e4 Qb7 16. Kg1 Nd7 17. e5 Rfd8 18. f4 Bc5 19. Qe2 b5 20. Rad1 Nb6 21. h4
Nd5 22. Qe4 Qb6 23. Kh2 Rac8 24. Nc2 b4 25. Bd4 Bxd4 0-1

[Event "LLHH 2122 SV Diagonale Harburg - Hambur"]
[Site "?"]
[Date "2022.03.27"]
[Round "6.6"]
[White "Becker, Martin"]
[Black "Schulz, Wolfgang"]
[Result "0-1"]
[WhiteElo "1908"]
[BlackElo "2032"]
[PlyCount "40"]
[EventDate "2022.??.??"]

1. e4 e5 2. Nf3 Nc6 3. Bc4 Nf6 4. Nc3 Nxe4 5. Nxe4 d5 6. Bd3 dxe4 7. Bxe4 Bd6
8. O-O O-O 9. d3 h6 10. h3 Ne7 11. d4 f5 12. Bd3 e4 13. Bc4+ Kh8 14. Ne1 Qe8
15. Bd2 f4 16. f3 Nf5 17. fxe4 Qxe4 18. c3 Ne3 19. Qf3 Qxf3 20. Rxf3 Nxc4 0-1

[Event "LLHH 2122 SV Diagonale Harburg - Hambur"]
[Site "?"]
[Date "2022.03.27"]
[Round "6.7"]
[White "Emami, Madjid"]
[Black "Holst, Marten"]
[Result "0-1"]
[WhiteElo "1971"]
[BlackElo "1932"]
[PlyCount "86"]
[EventDate "2022.??.??"]

1. Nf3 Nf6 2. e3 b6 3. b3 g6 4. Bb2 Bg7 5. c4 O-O 6. d4 d5 7. Nbd2 Bb7 8. Qc2
Na6 9. cxd5 Nb4 10. Qb1 Nbxd5 11. Bc4 Qc8 12. O-O Qg4 13. Rc1 Nb4 14. a3 Ne4
15. Bf1 Na6 16. Qd3 Nxd2 17. Nxd2 Rac8 18. b4 c5 19. b5 Nc7 20. h3 Qg5 21. a4
Ne6 22. Ne4 Qh4 23. f4 cxd4 24. Bxd4 Nxd4 25. exd4 Qxf4 26. Rxc8 Rxc8 27. Re1
Rd8 28. g3 Qc7 29. Bg2 Bxd4+ 30. Kh1 Be5 31. Qb3 Bxe4 32. Bxe4 Bxg3 33. Rf1 e6
34. Qf3 Be5 35. Bc6 f6 36. Qb3 Qd6 37. Bf3 Kf7 38. Rd1 Qc7 39. Rd3 Rxd3 40.
Qxd3 Qc1+ 41. Kg2 Qb2+ 42. Be2 Qd4 43. Qf3 Qd5 0-1

[Event "LLHH 2122 SV Diagonale Harburg - Hambur"]
[Site "?"]
[Date "2022.03.27"]
[Round "6.8"]
[White "Syed, Tareq"]
[Black "Kleiner, Michael"]
[Result "1-0"]
[WhiteElo "1967"]
[BlackElo "2087"]
[PlyCount "73"]
[EventDate "2022.??.??"]

1. d3 e5 2. g3 d5 3. Bg2 Nc6 4. a3 f5 5. b4 a6 6. Bb2 Nf6 7. Nd2 Rb8 8. c4 Be6
9. b5 axb5 10. cxb5 Nd4 11. Bxd4 exd4 12. Ngf3 Bc5 13. Nb3 Bb6 14. Nfxd4 Bd7
15. O-O O-O 16. Qc2 Qe8 17. a4 c6 18. bxc6 bxc6 19. a5 Ba7 20. Nc5 Rc8 21. e3
g5 22. Rfe1 Qe7 23. Ndb3 Qd6 24. Ra4 Rb8 25. a6 Bc8 26. Rea1 Nd7 27. Nb7 Qf6
28. N3a5 Bxb7 29. axb7 Nc5 30. R4a3 f4 31. exf4 gxf4 32. Nxc6 fxg3 33. hxg3
Rxb7 34. Bxd5+ Kh8 35. Rxa7 Rb2 36. Qxc5 Rxf2 37. Qd4 1-0

[Event "LLHH 2122 SK Marmstorf - SC Königsspri"]
[Site "?"]
[Date "2022.03.27"]
[Round "6.2"]
[White "Mueller, Jan-Hendrik"]
[Black "Harder, Clemens"]
[Result "1-0"]
[WhiteElo "2118"]
[BlackElo "2149"]
[PlyCount "89"]
[EventDate "2022.??.??"]

1. d4 d5 2. c4 c6 3. Nc3 Nf6 4. e3 Bf5 5. cxd5 cxd5 6. Qb3 Nc6 7. Qxb7 Bd7 8.
Qb3 Rb8 9. Qd1 e5 10. dxe5 Nxe5 11. Be2 Bd6 12. Nf3 Nxf3+ 13. Bxf3 Qc7 14. h3
O-O 15. O-O Bh2+ 16. Kh1 Be5 17. Qd2 Rfd8 18. a4 Ne4 19. Bxe4 dxe4 20. Qc2 f5
21. Bd2 Be6 22. f4 Bf6 23. Qc1 Qd7 24. Be1 Qd3 25. Rg1 h5 26. g3 Bb3 27. Rg2
Kf7 28. Kh2 Rbc8 29. Ra3 Qc4 30. Rd2 Rd3 31. Rxd3 exd3 32. Bd2 Bc2 33. Nb5 Qd5
34. Nxa7 Rc5 35. b4 Rc4 36. Nb5 Be7 37. Qe1 Bf6 38. Qh1 Re4 39. Nc3 Bxc3 40.
Rxc3 Qa2 41. a5 Qa4 42. Rc5 g6 43. g4 hxg4 44. hxg4 Re8 45. Qd5+ 1-0

[Event "LLHH 2122 SK Marmstorf - SC Königsspri"]
[Site "?"]
[Date "2022.03.27"]
[Round "6.4"]
[White "Diekmann, Jens"]
[Black "Moehrmann, Marcus"]
[Result "1-0"]
[WhiteElo "2061"]
[BlackElo "2038"]
[PlyCount "67"]
[EventDate "2022.??.??"]

1. c4 Nf6 2. Nc3 g6 3. g3 Bg7 4. Bg2 O-O 5. e4 d6 6. Nge2 e5 7. O-O c6 8. d3
Be6 9. h3 a5 10. Kh2 Na6 11. f4 Qd7 12. g4 exf4 13. Bxf4 Nc5 14. d4 Ncxe4 15.
Nxe4 Nxe4 16. Bxe4 Bxc4 17. Bd3 Bd5 18. Qd2 Rfe8 19. Bg5 Be4 20. Bxe4 Rxe4 21.
Rf4 Rae8 22. Ng3 Rxf4 23. Bxf4 b6 24. Rd1 d5 25. b4 axb4 26. Qxb4 Qa7 27. Rd2
c5 28. Qb5 Re1 29. dxc5 bxc5 30. Qc6 c4 31. Rg2 Qd4 32. Qc8+ Bf8 33. Bd6 Qg7
34. Nf5 1-0

[Event "LLHH 2122 SK Marmstorf - SC Königsspri"]
[Site "?"]
[Date "2022.03.27"]
[Round "6.6"]
[White "Anderberg, Peter"]
[Black "Streich, Justus"]
[Result "0-1"]
[WhiteElo "1979"]
[BlackElo "1942"]
[PlyCount "118"]
[EventDate "2022.??.??"]

1. d4 Nf6 2. c4 e6 3. Nc3 Bb4 4. Qc2 O-O 5. a3 Bxc3+ 6. Qxc3 d5 7. Bg5 h6 8.
Bh4 dxc4 9. Qxc4 b6 10. Nf3 Ba6 11. Qa4 Qe7 12. Rc1 c5 13. e3 Bxf1 14. Kxf1
Nbd7 15. Ke2 Rfc8 16. Rhd1 a6 17. Kf1 b5 18. Qa5 c4 19. Ne5 Qd6 20. Bg3 Qb6 21.
Qb4 Nxe5 22. Bxe5 a5 23. Qe1 Nd7 24. Bg3 b4 25. Rc2 Qb5 26. Qe2 Qa4 27. Rdc1
Nb6 28. Bd6 c3 29. bxc3 b3 30. Rb2 Nc4 31. Bc5 Nxb2 32. Qxb2 Qc4+ 33. Kg1 a4
34. Rd1 Rd8 35. Rd2 e5 36. f3 Rac8 37. Bb6 exd4 38. Bxd4 Qe6 39. Kf2 Rc4 40.
Re2 Re8 41. Re1 h5 42. Re2 h4 43. Re1 Qd6 44. f4 Rc6 45. Re2 Qd5 46. Kg1 Rg6
47. Rf2 Qe4 48. Kf1 Rb8 49. Kg1 h3 50. g3 Qd3 51. Ba7 Rb7 52. Bd4 Qd1+ 53. Rf1
Qc2 54. Rf2 Qd1+ 55. Rf1 Rxg3+ 56. hxg3 h2+ 57. Kxh2 Qxf1 58. c4 Qxc4 59. Bxg7
Qc2+ 0-1

[Event "LLHH 2122 SK Marmstorf - SC Königsspri"]
[Site "?"]
[Date "2022.03.27"]
[Round "6.7"]
[White "Goetz, Claus"]
[Black "Herlan, Klaus-Juergen"]
[Result "0-1"]
[WhiteElo "1916"]
[BlackElo "2017"]
[PlyCount "66"]
[EventDate "2022.??.??"]

1. e4 c5 2. Nc3 a6 3. g3 b5 4. Bg2 Bb7 5. d3 e6 6. Be3 Nc6 7. Nf3 d6 8. O-O Nf6
9. Nh4 Be7 10. f4 b4 11. Na4 Nd7 12. Nf3 Bf6 13. e5 dxe5 14. fxe5 Be7 15. d4
cxd4 16. Nxd4 Ndxe5 17. Qh5 O-O 18. Rad1 g6 19. Nxc6 gxh5 20. Rxd8 Bxc6 21.
Rxf8+ Rxf8 22. Nc5 Bxg2 23. Kxg2 Rc8 24. Ne4 Rxc2+ 25. Kg1 Ng4 26. Bg5 Bxg5 27.
Nxg5 Ne5 28. b3 h6 29. Ne4 Rxa2 30. Nf6+ Kf8 31. Nxh5 f5 32. Nf4 Kf7 33. Rc1
Nf3+ 0-1

[Event "LLHH 2122 SK Marmstorf - SC Königsspri"]
[Site "?"]
[Date "2022.03.27"]
[Round "6.8"]
[White "Undritz, Bjoern"]
[Black "Knops, Peter"]
[Result "0-1"]
[WhiteElo "1902"]
[BlackElo "1958"]
[PlyCount "108"]
[EventDate "2022.??.??"]

1. e4 e6 2. d4 d5 3. Nc3 Bb4 4. exd5 exd5 5. Nf3 Ne7 6. a3 Bd6 7. Bg5 f6 8. Bh4
Nbc6 9. Qd2 Bg4 10. Bb5 Qd7 11. O-O-O O-O-O 12. Bg3 Nf5 13. Bxd6 Nxd6 14. Be2
Kb8 15. h3 Bf5 16. Nh4 Be6 17. f4 Rhe8 18. Rhe1 Re7 19. g4 Rde8 20. Bf3 Nc4 21.
Qg2 Nb6 22. f5 Bf7 23. Rxe7 Rxe7 24. Qf2 Qd6 25. Ng2 a6 26. Kb1 Nc4 27. Ka2
N6a5 28. Rb1 b5 29. Ne1 Re3 30. Nd3 Nc6 31. Ne2 Qe7 32. Nc5 Nd2 33. Rd1 Nxf3
34. Nxa6+ Kc8 35. Nc3 Nfxd4 36. Nb4 Nxb4+ 37. axb4 Nc6 38. Nxb5 Nxb4+ 39. Kb1
Qe4 40. Nc3 Qf3 41. Qd2 Qf4 42. Ne2 Qc4 43. Nc3 d4 44. Qxd4 Qxd4 45. Rxd4 Rxh3
46. b3 c5 47. Re4 Rxc3 48. Re7 Bd5 49. Rxg7 Rxc2 50. Rxh7 Bxb3 51. g5 Nd3 52.
Rh1 fxg5 53. f6 Rf2 54. Rh8+ Kd7 0-1

[Event "LLHH 2122 FC St. Pauli II - Hamburger S"]
[Site "?"]
[Date "2022.03.27"]
[Round "6.1"]
[White "Engel, Robert"]
[Black "Trisic, Aleksandar"]
[Result "0-1"]
[WhiteElo "2128"]
[BlackElo "2332"]
[PlyCount "106"]
[EventDate "2022.??.??"]

1. e4 c5 2. Nf3 d6 3. d4 cxd4 4. Nxd4 Nf6 5. f3 e5 6. Nb3 Be6 7. c4 Nbd7 8. Nc3
Be7 9. Be3 O-O 10. Nd5 Bxd5 11. cxd5 Nh5 12. Qd2 h6 13. Rc1 Bg5 14. Bxg5 hxg5
15. g3 g6 16. Be2 Kg7 17. O-O Rh8 18. Qb4 Nb6 19. Rf2 Nf6 20. a4 Rb8 21. a5 Na8
22. Nd2 Qe7 23. Nc4 Rhd8 24. Bd3 Nc7 25. Qd2 Nd7 26. Rcf1 Rh8 27. f4 gxf4 28.
gxf4 Rbf8 29. f5 Nf6 30. Ne3 Rh5 31. Rg2 Kh7 32. Rf3 g5 33. Qf2 Rg8 34. Rfg3
Qf8 35. Nc4 Nb5 36. Qe3 Nd4 37. Rh3 g4 38. Rhg3 Nf3+ 39. Kh1 Nd4 40. Be2 Rh4
41. Kg1 Qd8 42. Qa3 Nxe4 43. Bd3 Nf3+ 44. Kf1 Nxh2+ 45. Ke2 Nxg3+ 46. Rxg3 Nf3
47. Nxd6 Rh2+ 48. Kf1 Qf6 49. Qb4 e4 50. Nxe4 Qe5 51. f6 Kh8 52. Nd6 Nd2+ 53.
Kg1 Qxg3# 0-1

[Event "LLHH 2122 FC St. Pauli II - Hamburger S"]
[Site "?"]
[Date "2022.03.27"]
[Round "6.3"]
[White "Garner, Isaac"]
[Black "Stenner, Patrick"]
[Result "1/2-1/2"]
[WhiteElo "2226"]
[BlackElo "2276"]
[PlyCount "58"]
[EventDate "2022.??.??"]

1. Nf3 d5 2. c4 d4 3. b4 g6 4. Qb3 Bg7 5. g3 e5 6. d3 Ne7 7. Bg2 O-O 8. O-O h6
9. a4 Be6 10. Ra2 Nd7 11. Re1 Rb8 12. Nbd2 Re8 13. b5 Nf5 14. Ba3 Nd6 15. e3
dxe3 16. Rxe3 c5 17. Ne4 Nf5 18. Re1 Qc7 19. Rae2 Rbd8 20. Bb2 Kf8 21. Qa3 b6
22. a5 Nd4 23. Nxd4 exd4 24. h3 Nf6 25. Bc1 Nxe4 26. Rxe4 Bf5 27. axb6 axb6 28.
R4e2 Rxe2 29. Rxe2 g5 1/2-1/2

[Event "LLHH 2122 FC St. Pauli II - Hamburger S"]
[Site "?"]
[Date "2022.03.27"]
[Round "6.4"]
[White "Breyther, Ruediger"]
[Black "Fuhrmann, Aake"]
[Result "1-0"]
[WhiteElo "2249"]
[BlackElo "1937"]
[PlyCount "51"]
[EventDate "2022.??.??"]

1. e4 c5 2. Nf3 d6 3. Bb5+ Nc6 4. O-O Bd7 5. Re1 a6 6. Bxc6 Bxc6 7. d4 cxd4 8.
Nxd4 Nf6 9. Bg5 Qb6 10. Nc3 e6 11. Bxf6 gxf6 12. Nd5 Qd8 13. Qh5 Bd7 14. Nf5
Bc8 15. Rad1 b5 16. Rd3 Ra7 17. Rf3 Qa5 18. b4 Qxa2 19. Rc3 Kd8 20. Qh4 exd5
21. Qxf6+ Kd7 22. Qxh8 d4 23. Qxf8 dxc3 24. Qe7+ Kc6 25. Qxa7 Bxf5 26. exf5 1-0

[Event "LLHH 2122 FC St. Pauli II - Hamburger S"]
[Site "?"]
[Date "2022.03.27"]
[Round "6.5"]
[White "Foo, Tzun Hong"]
[Black "Mitscherling, Andreas"]
[Result "1/2-1/2"]
[WhiteElo "1875"]
[BlackElo "2181"]
[PlyCount "119"]
[EventDate "2022.??.??"]

1. e4 e6 2. d4 d5 3. exd5 exd5 4. c4 Nf6 5. Nc3 Be7 6. Bd3 O-O 7. Nge2 c5 8.
O-O dxc4 9. Bxc4 Nc6 10. d5 Ne5 11. Bb3 c4 12. Bc2 a6 13. Bf4 Bd6 14. Qd4 Qc7
15. a4 b6 16. Rad1 Bd7 17. Ng3 Rfe8 18. Nge4 Nxe4 19. Nxe4 Nf3+ 20. gxf3 Bxf4
21. d6 Qd8 22. Ng3 Qh4 23. Bf5 Bxf5 24. Qxg7+ Kxg7 25. Nxf5+ Kf6 26. Nxh4 Rad8
27. d7 Re7 28. Rd4 Be5 29. Rxc4 Rexd7 30. b4 Rd4 31. Rfc1 Rd1+ 32. Rxd1 Rxd1+
33. Kg2 Rd4 34. Rc6+ Kg5 35. f4+ Kxf4 36. Rxb6 a5 37. bxa5 Rxa4 38. Rb7 f6 39.
Rxh7 Rxa5 40. Nf3 Ra8 41. Nxe5 Kxe5 42. Rg7 Rh8 43. Kg3 Kf5 44. h4 Rh6 45. Rg8
Rh7 46. Ra8 Rc7 47. Ra5+ Kg6 48. h5+ Kh6 49. f4 Rc1 50. Kg4 Rc6 51. Ra7 Rc5 52.
Rf7 Rxh5 53. Rxf6+ Kg7 54. Ra6 Rb5 55. f5 Rb1 56. Kg5 Rg1+ 57. Kf4 Rf1+ 58. Ke5
Re1+ 59. Kd5 Kf7 60. Ra7+ 1/2-1/2

[Event "LLHH 2122 FC St. Pauli II - Hamburger S"]
[Site "?"]
[Date "2022.03.27"]
[Round "6.6"]
[White "zur Lage, Julian"]
[Black "Huo, Da"]
[Result "1/2-1/2"]
[WhiteElo "2152"]
[BlackElo "1828"]
[PlyCount "83"]
[EventDate "2022.??.??"]

1. d4 f5 2. g3 Nf6 3. Bg2 e6 4. Nf3 Be7 5. c4 d6 6. Nc3 O-O 7. O-O Ne4 8. Qc2
Nxc3 9. bxc3 Nc6 10. Rd1 Na5 11. d5 e5 12. c5 g5 13. Qa4 b6 14. Nxe5 dxe5 15.
d6 Bd7 16. c6 cxd6 17. cxd7 Rb8 18. Ba3 Qc7 19. Bb4 Rfd8 20. Rab1 Kg7 21. Bxa5
bxa5 22. Bc6 Rb6 23. Rxb6 axb6 24. c4 Rf8 25. Bb5 Rf6 26. Rd5 Qd8 27. Qa3 Rg6
28. e3 Qf8 29. f3 h5 30. Qc3 f4 31. Kg2 fxg3 32. hxg3 h4 33. Qe1 h3+ 34. Kf2 g4
35. f4 exf4 36. exf4 Rh6 37. Kg1 Qf6 38. c5 bxc5 39. Bd3 Qe6 40. Rg5+ Kf8 41.
Qxe6 Rxe6 42. Rxg4 1/2-1/2

[Event "LLHH 2122 FC St. Pauli II - Hamburger S"]
[Site "?"]
[Date "2022.03.27"]
[Round "6.7"]
[White "Kort, Felix"]
[Black "Richter, Maik"]
[Result "1/2-1/2"]
[WhiteElo "1875"]
[BlackElo "2160"]
[PlyCount "44"]
[EventDate "2022.??.??"]

1. d4 Nf6 2. c4 g6 3. f3 Bg7 4. e4 d6 5. Nc3 O-O 6. Be3 a6 7. a4 a5 8. Nge2 Na6
9. g4 Nd7 10. Ng3 e5 11. d5 Ndc5 12. h4 Bf6 13. g5 Bg7 14. h5 Nb4 15. Ra3 c6
16. Qd2 Re8 17. Qh2 Kf8 18. Kd2 Qb6 19. Kd1 Bd7 20. hxg6 hxg6 21. Qh7 cxd5 22.
cxd5 Qd8 1/2-1/2

[Event "LLHH 2122 FC St. Pauli II - Hamburger S"]
[Site "?"]
[Date "2022.03.27"]
[Round "6.8"]
[White "Mueller, Frank"]
[Black "Fuhrmann, Bahne"]
[Result "1-0"]
[WhiteElo "2073"]
[BlackElo "1918"]
[PlyCount "95"]
[EventDate "2022.??.??"]

1. f4 d5 2. e3 g6 3. Nf3 Bg7 4. d4 c5 5. c3 Nh6 6. Bd3 O-O 7. O-O Nc6 8. Nbd2
Nf5 9. Qe2 b6 10. Ne5 Qc7 11. Nxc6 Qxc6 12. e4 Nd6 13. e5 Ne8 14. Nf3 f5 15.
Be3 Nc7 16. c4 Ba6 17. Rac1 Ne6 18. Rfd1 Rfd8 19. dxc5 d4 20. Bd2 Nxc5 21. b4
Nxd3 22. Qxd3 Qe4 23. Qb3 Bc8 24. Ng5 Qc6 25. b5 Qe8 26. c5+ e6 27. c6 h6 28.
Nf3 Rd5 29. h4 a5 30. a4 Ra7 31. Rc4 Bf8 32. Bc1 Qd8 33. Rd3 g5 34. hxg5 hxg5
35. Nxg5 Qe8 36. Bb2 Qh5 37. Qc2 Rg7 38. Bxd4 Be7 39. Be3 Bxg5 40. fxg5 Rxe5
41. Rd8+ Kh7 42. Qf2 Re4 43. Rxe4 fxe4 44. Qf4 Rg8 45. Qxe4+ Kg7 46. Bd4+ Kf7
47. Qf4+ Ke7 48. Qf6# 1-0

[Event "LLHH 2122 FC St. Pauli III - Hamburger "]
[Site "?"]
[Date "2022.03.27"]
[Round "6.1"]
[White "Frackowiak, Oliver"]
[Black "Kahlert, Thomas"]
[Result "1/2-1/2"]
[WhiteElo "2162"]
[BlackElo "2148"]
[PlyCount "37"]
[EventDate "2022.??.??"]

1. e4 e5 2. Nf3 Nc6 3. Bc4 Nf6 4. d3 Be7 5. O-O O-O 6. Re1 d6 7. a4 Na5 8. Ba2
c5 9. c3 Nc6 10. Na3 h6 11. Nc2 Re8 12. b4 cxb4 13. cxb4 d5 14. b5 Nb4 15. Nxb4
Bxb4 16. Bd2 Bxd2 17. Nxd2 Be6 18. Qc2 Rc8 19. Qb2 1/2-1/2

[Event "LLHH 2122 FC St. Pauli III - Hamburger "]
[Site "?"]
[Date "2022.03.27"]
[Round "6.2"]
[White "Thomaschke, Dirk"]
[Black "Groetzbach, Daniel"]
[Result "1-0"]
[WhiteElo "2179"]
[BlackElo "2109"]
[PlyCount "83"]
[EventDate "2022.??.??"]

1. e4 c5 2. Nf3 d6 3. d4 cxd4 4. Nxd4 Nf6 5. Nc3 a6 6. Be3 e6 7. Qf3 Qc7 8.
O-O-O Nbd7 9. Qg3 b5 10. f3 Bb7 11. Bxb5 axb5 12. Ndxb5 Qb8 13. Nxd6+ Bxd6 14.
Qxd6 Qxd6 15. Rxd6 Ke7 16. Rhd1 Ra6 17. e5 Rxd6 18. exd6+ Kd8 19. Nb5 Nd5 20.
Bg1 Ne5 21. b3 Kd7 22. Rd2 Ba6 23. a4 Rc8 24. Bd4 f6 25. Bxe5 fxe5 26. c4 Bxb5
27. axb5 Ne3 28. Re2 Nf5 29. Rxe5 Kxd6 30. Re4 e5 31. f4 exf4 32. Rxf4 Ke5 33.
Rf2 g6 34. Kb2 Ne3 35. Ka3 Kd4 36. Kb4 Kd3 37. b6 Nc2+ 38. Rxc2 Kxc2 39. c5 Kd3
40. b7 Rb8 41. c6 Kd4 42. Kb5 1-0

[Event "LLHH 2122 FC St. Pauli III - Hamburger "]
[Site "?"]
[Date "2022.03.27"]
[Round "6.3"]
[White "Meier, David Geffrey"]
[Black "Wronn, Bernd"]
[Result "1/2-1/2"]
[WhiteElo "2083"]
[BlackElo "2155"]
[PlyCount "100"]
[EventDate "2022.??.??"]

1. d4 d5 2. c4 e6 3. Nf3 Nf6 4. Nc3 c5 5. cxd5 exd5 6. g3 Nc6 7. Bg2 Be7 8. O-O
O-O 9. Be3 c4 10. Ne5 h6 11. b3 cxb3 12. Qxb3 Na5 13. Qc2 Be6 14. f4 Bb4 15.
Rab1 Bxc3 16. Qxc3 Bf5 17. Rbc1 Ne4 18. Qb4 h5 19. Bd2 b6 20. Qb2 Nxd2 21. Qxd2
f6 22. Nc6 Nxc6 23. Rxc6 Re8 24. Rfc1 Rc8 25. Rxc8 Bxc8 26. Kf2 Ba6 27. e3 Bc4
28. e4 dxe4 29. Bxe4 Rxe4 30. Rxc4 b5 31. Qc2 Re8 32. Rb4 Qe7 33. Qd2 a6 34. d5
Qc5+ 35. Kg2 Qd6 36. Rd4 Kf7 37. Qd1 g6 38. f5 Re5 39. fxg6+ Kxg6 40. Rd2 Kf7
41. Qf3 Qb4 42. Re2 Qd4 43. Rxe5 Qxe5 44. Qd3 Ke7 45. Qa3+ Kd7 46. Qc5 Qe2+ 47.
Kg1 Qe1+ 48. Kg2 Qe2+ 49. Kg1 Qe1+ 50. Kg2 Qe2+ 1/2-1/2

[Event "LLHH 2122 FC St. Pauli III - Hamburger "]
[Site "?"]
[Date "2022.03.27"]
[Round "6.4"]
[White "Grote, Dirk"]
[Black "Baberz, Alexander"]
[Result "1/2-1/2"]
[WhiteElo "2068"]
[BlackElo "1970"]
[PlyCount "66"]
[EventDate "2022.??.??"]

1. d4 Nf6 2. Nf3 b6 3. g3 Bb7 4. Bg2 g6 5. c4 Bg7 6. O-O O-O 7. Nc3 Ne4 8. Bd2
d6 9. Nxe4 Bxe4 10. Bc3 Nd7 11. Qd2 e6 12. Rfe1 Qc8 13. Rad1 Qa6 14. b3 b5 15.
d5 Bxf3 16. Bxg7 Kxg7 17. exf3 e5 18. cxb5 Qxb5 19. f4 Rfe8 20. fxe5 Nxe5 21.
Qc3 Qb6 22. Re3 f6 23. h3 Re7 24. Rde1 Rae8 25. Kh1 g5 26. f4 gxf4 27. gxf4 Ng6
28. Rxe7+ Rxe7 29. Rxe7+ Nxe7 30. Qg3+ Kf8 31. Qc3 Kg7 32. Qg3+ Kf8 33. Qc3 Kg7
1/2-1/2

[Event "LLHH 2122 FC St. Pauli III - Hamburger "]
[Site "?"]
[Date "2022.03.27"]
[Round "6.5"]
[White "Atri, Jamshid"]
[Black "David, Torsten"]
[Result "1/2-1/2"]
[WhiteElo "1984"]
[BlackElo "2064"]
[PlyCount "102"]
[EventDate "2022.??.??"]

1. e4 c5 2. Nf3 Nf6 3. Nc3 d6 4. d4 cxd4 5. Nxd4 a6 6. h3 e6 7. g4 d5 8. exd5
Nxd5 9. Nde2 Bb4 10. Bd2 Nc6 11. Bg2 Nxc3 12. Bxc6+ bxc6 13. Bxc3 Bxc3+ 14.
Nxc3 Bb7 15. Qxd8+ Rxd8 16. Rd1 c5 17. Rxd8+ Kxd8 18. Rg1 Bc6 19. Ke2 Kc7 20.
h4 Rd8 21. f4 e5 22. fxe5 Re8 23. g5 Rxe5+ 24. Kd2 Bd7 25. Rf1 Rf5 26. Rxf5
Bxf5 27. Ne2 Kd6 28. Ng3 Ke5 29. a3 Bd7 30. Ke3 a5 31. Ne4 c4 32. Nd2 Be6 33.
b4 axb4 34. axb4 Bd5 35. c3 f6 36. gxf6 gxf6 37. Nf3+ Kf5 38. Nh2 Ke5 39. b5 f5
40. Nf3+ Bxf3 41. Kxf3 Kd5 42. h5 Kc5 43. h6 Kxb5 44. Kf4 Ka4 45. Kxf5 Kb3 46.
Kf6 Kxc3 47. Kg7 Kd2 48. Kxh7 c3 49. Kg8 c2 50. h7 c1=Q 51. h8=Q Qc8+ 1/2-1/2

[Event "LLHH 2122 FC St. Pauli III - Hamburger "]
[Site "?"]
[Date "2022.03.27"]
[Round "6.6"]
[White "Kessler, Bernd"]
[Black "Weidmann, Kevin"]
[Result "1/2-1/2"]
[WhiteElo "2028"]
[BlackElo "1947"]
[PlyCount "86"]
[EventDate "2022.??.??"]

1. d4 Nf6 2. Bg5 Ne4 3. h4 c5 4. d5 Qb6 5. Qc1 g6 6. c3 Bg7 7. Nd2 Nxg5 8. hxg5
d6 9. e4 e6 10. Nc4 Qc7 11. dxe6 Bxe6 12. Qf4 Bxc4 13. Bxc4 Nc6 14. Nf3 a6 15.
Rd1 Rd8 16. Bd5 Rd7 17. Rd2 b5 18. Nh2 Ne5 19. Ng4 Nxg4 20. Qxg4 b4 21. Rd3 a5
22. O-O h5 23. gxh6 Rxh6 24. f4 c4 25. Rh3 Qb6+ 26. Kh1 Rxh3+ 27. Qxh3 Rc7 28.
f5 gxf5 29. Qxf5 Qe3 30. Bxf7+ Kd8 31. Qh7 Qh6+ 32. Qxh6 Bxh6 33. Bd5 Bg7 34.
g4 bxc3 35. bxc3 Bxc3 36. Rf8+ Kd7 37. Rf7+ Kd8 38. Rxc7 Kxc7 39. Bxc4 Kd7 40.
Kg2 Ke7 41. g5 Bd2 42. g6 Kf6 43. Bf7 Bh6 1/2-1/2

[Event "LLHH 2122 FC St. Pauli III - Hamburger "]
[Site "?"]
[Date "2022.03.27"]
[Round "6.7"]
[White "Salenko, Vadim"]
[Black "Biemann, Marco"]
[Result "1/2-1/2"]
[WhiteElo "2001"]
[BlackElo "1963"]
[PlyCount "38"]
[EventDate "2022.??.??"]

1. d4 c5 2. e3 Nf6 3. Nf3 e6 4. Bd3 Be7 5. Nbd2 d6 6. O-O Nbd7 7. b3 a6 8. Bb2
O-O 9. Qe2 Qc7 10. c4 b6 11. Rad1 Bb7 12. Bb1 Rfe8 13. e4 cxd4 14. Nxd4 d5 15.
e5 Qxe5 16. Qxe5 Nxe5 17. Nxe6 Bd6 18. Ng5 h6 19. Ngf3 Rad8 1/2-1/2

[Event "LLHH 2122 FC St. Pauli III - Hamburger "]
[Site "?"]
[Date "2022.03.27"]
[Round "6.8"]
[White "Schleicher, Guido"]
[Black "Chyzynski, David"]
[Result "1/2-1/2"]
[WhiteElo "2234"]
[BlackElo "1749"]
[PlyCount "42"]
[EventDate "2022.??.??"]

1. c4 Nf6 2. g3 e6 3. Bg2 d5 4. Nf3 Be7 5. O-O O-O 6. d4 Nbd7 7. Nc3 c6 8. cxd5
exd5 9. a3 Bd6 10. b4 Nb6 11. Bg5 Re8 12. e4 dxe4 13. Ne5 Bxe5 14. dxe5 Qxd1
15. Raxd1 Nfd5 16. Nxe4 Rxe5 17. Bf4 Re8 18. Nd6 Rd8 19. b5 Nxf4 20. gxf4 cxb5
21. Nxb5 Bd7 1/2-1/2